Vista normal
Vista MARC
Entrada Materia (personas)
Número de registros utilizados en: 9
001 - CONTROL NUMBER
- control field: 73594
003 - CONTROL NUMBER IDENTIFIER
- control field: Co-BoUCM
005 - DATE AND TIME OF LATEST TRANSACTION
- control field: 20151112141345.0
008 - FIXED-LENGTH DATA ELEMENTS
- fixed length control field: 151112|| aca||aabn | a|a d
040 ## - CATALOGING SOURCE
- Original cataloging agency: Co-BoUCM
- Transcribing agency: Co-BoUCM
100 ## - HEADING--PERSONAL NAME
- Personal name: Doornik, Jurgen A
670 ## - SOURCE DATA FOUND
- Source citation: Work cat.: (Co-BoUCM)300999: Hendry, David F 73592, Empirical model discovery and theory evaluation, 2014